Application of treaties and methods of avoiding double taxation
Dvojité zdanenie. Zamedzenie dvojitého zdanenia. Aplikácia zmlúv a dohovorov. Dohoda Slovenska o zamedzení dvojitého zdanenia so 66 partnermi. Dvojité zdanenie - Česko a Slovensko.
Enregistré dans:
| Auteur principal: | |
|---|---|
| Autres auteurs: | |
| Format: | Chapitre de livre |
| Langue: | anglais |
| Sujets: | |
| Tags: |
Pas de tags, Soyez le premier à ajouter un tag!
|
MARC
| LEADER | 00000nla a2200000 4500 | ||
|---|---|---|---|
| 001 | 0233915 | ||
| 005 | 20240502073809.4 | ||
| 041 | 0 | |a eng | |
| 044 | |a SK | ||
| 245 | 1 | 0 | |a Application of treaties and methods of avoiding double taxation |c Jana Simonidesová, Adela Feranecová |
| 520 | |a Dvojité zdanenie. Zamedzenie dvojitého zdanenia. Aplikácia zmlúv a dohovorov. Dohoda Slovenska o zamedzení dvojitého zdanenia so 66 partnermi. Dvojité zdanenie - Česko a Slovensko. | ||
| 610 | 2 | 0 | |a zdanenie dvojité |
| 610 | 2 | 0 | |a zmluvy |
| 610 | 2 | 0 | |a Slovensko |
| 100 | 1 | |a Simonidesová, Jana, 1968- | |
| 700 | 1 | |a Feranecová, Adela, 1986- | |